| 000 | 00475nam a2200121Ia 4500 | ||
|---|---|---|---|
| 008 | 160712s9999 xx 000 0 und d | ||
| 100 | _aJago-on, Karen Ann B. | ||
| 245 |
_cKaren Ann B. Jago-on, _aSocial and Economic Impacts of Flooding and Land Subsidence in KAMANAVA, Metro Manila |
||
| 260 |
_c2011 _bPhilippine Journal of Social Development |
||
| 300 | _avol. 3 | ||
| 650 | _xSOCIAL DEVELOPMENT | ||
| 856 | _uhttp://journals.upd.edu.ph/index.php/pjsd/issue/view/413/showToc | ||
| 999 |
_c297676 _d297676 |
||